[Event "21. Intern. Travemünder Schach-Open"]
[Site "?"]
[Date "2004.12.28"]
[Round "4"]
[White "Rabiega (GM), Robert"]
[Black "Zimmermann, Julian"]
[Result "1/2-1/2"]
[WhiteElo "2524"]
[BlackElo "2321"]
[PlyCount "92"]
[EventDate "2004.??.??"]

1. e4 c5 2. c3 Nf6 3. e5 Nd5 4. Nf3 Nc6 5. Bc4 Nb6 6. Bb3 d6 7. exd6 Qxd6 8.
O-O Bf5 9. d4 cxd4 10. Nxd4 Nxd4 11. cxd4 e6 12. Nc3 Be7 13. Qf3 Qd7 14. Rd1
O-O 15. Be3 Bg6 16. d5 Nxd5 17. Bxd5 exd5 18. Nxd5 Bd6 19. Nf6+ gxf6 20. Qxf6
Bxh2+ 21. Kxh2 Qf5 22. Qh4 Rfe8 23. Rac1 Qe4 24. Bf4 Qf5 25. Rd4 Rac8 26. Rxc8
Rxc8 27. g4 Qe6 28. Rd6 Qe2 29. Be3 Qf3 30. Qg5 Rf8 31. Bd4 f6 32. Rxf6 Rxf6
33. Qxf6 Qxf6 34. Bxf6 Bb1 35. a3 Kf7 36. Bd4 a6 37. Kg3 Kg6 38. Kh4 Bc2 39. f4
Bd3 40. f5+ Kf7 41. Kg5 Be2 42. Kf4 Bd1 43. g5 Bc2 44. Ke5 Bb1 45. Bb6 Bc2 46.
Be3 Bb1 1/2-1/2

[Event "21. Intern. Travemünder Schach-Open"]
[Site "?"]
[Date "2004.12.28"]
[Round "4"]
[White "Jacob, Gunnar"]
[Black "Kalinitschew (GM), Sergej"]
[Result "1-0"]
[WhiteElo "2283"]
[BlackElo "2517"]
[PlyCount "93"]
[EventDate "2004.??.??"]

1. d4 e6 2. c4 Bb4+ 3. Nc3 f5 4. Qb3 a5 5. g3 Nf6 6. Bg2 Ne4 7. Nf3 O-O 8. Nd2
Nc6 9. Ndxe4 fxe4 10. Be3 Qf6 11. Rd1 a4 12. Qc2 a3 13. O-O axb2 14. Nxe4 Qg6
15. Qxb2 Ba3 16. Qb3 Qh5 17. Nc3 Be7 18. Bf3 Rxf3 19. exf3 Qxf3 20. Nb5 Na5 21.
Qd3 c6 22. Nc7 Rb8 23. Bf4 Qxd3 24. Rxd3 g5 25. Nd5 cxd5 26. Bxb8 dxc4 27. Rdd1
Nc6 28. Bc7 Nb4 29. Rb1 Nd5 30. Rfc1 c3 31. Ba5 b6 32. Bxc3 Ba6 33. Bd2 g4 34.
Re1 Kf7 35. Re5 Bc4 36. a4 Bd8 37. Rc1 Bb3 38. Bg5 Nf6 39. Rc8 Be7 40. Rb5 Bxa4
41. Rxb6 Nd5 42. Ra6 Bxg5 43. Rxa4 Nb6 44. Rc5 Be7 45. Ra7 Bf6 46. d5 exd5 47.
Rb5 1-0

[Event "21. Intern. Travemünder Schach-Open"]
[Site "?"]
[Date "2004.12.28"]
[Round "4"]
[White "Meister (IM), Jakov"]
[Black "Trisic, Alexandar"]
[Result "1-0"]
[WhiteElo "2505"]
[BlackElo "2295"]
[PlyCount "67"]
[EventDate "2004.??.??"]

1. c4 Nf6 2. Nc3 g6 3. e4 d6 4. d4 Bg7 5. f3 O-O 6. Be3 e5 7. Nge2 c6 8. Qd2
Nbd7 9. Rd1 Re8 10. d5 cxd5 11. cxd5 a6 12. Nc1 Nh5 13. g4 Nf4 14. Nd3 f5 15.
gxf5 gxf5 16. Nxf4 exf4 17. Bxf4 fxe4 18. Nxe4 Nc5 19. Bg2 Qh4+ 20. Bg3 Nxe4
21. fxe4 Rxe4+ 22. Bxe4 Qxe4+ 23. Qe2 Qxe2+ 24. Kxe2 Bg4+ 25. Kd3 Bxd1 26. Rxd1
Rc8 27. b3 Kf7 28. Rf1+ Kg8 29. Rf5 Bf8 30. Rf6 Rd8 31. Ke4 Be7 32. Re6 Rd7 33.
Kf5 Kf7 34. Bh4 1-0

[Event "21. Intern. Travemünder Schach-Open"]
[Site "?"]
[Date "2004.12.28"]
[Round "4"]
[White "Glienke (IM), Manfred"]
[Black "Voloshin (GM), Leonid"]
[Result "1/2-1/2"]
[WhiteElo "2295"]
[BlackElo "2494"]
[PlyCount "66"]
[EventDate "2004.??.??"]

1. d4 Nf6 2. Nf3 e6 3. c4 Bb4+ 4. Bd2 Qe7 5. g3 a5 6. Bg2 Bxd2+ 7. Nbxd2 d6 8.
O-O O-O 9. e3 e5 10. Qc2 Nc6 11. a3 Re8 12. Rac1 Bg4 13. d5 Nb8 14. h3 Bxf3 15.
Nxf3 a4 16. e4 Nbd7 17. Nd2 Nc5 18. Rce1 Nfd7 19. Bf3 Rab8 20. Be2 Ra8 21. Kg2
Rf8 22. h4 Ra6 23. Bg4 Rfa8 24. Re3 Ra5 25. Be2 Rf8 26. Rh1 Raa8 27. g4 Rfe8
28. Rg3 Nf8 29. h5 f6 30. Re3 h6 31. Rg3 Nfd7 32. Bd1 Reb8 33. Be2 Re8 1/2-1/2

[Event "21. Intern. Travemünder Schach-Open"]
[Site "?"]
[Date "2004.12.28"]
[Round "4"]
[White "Mainka (GM), Romuald"]
[Black "Laubsch (FM), Bernd"]
[Result "1-0"]
[WhiteElo "2461"]
[BlackElo "2276"]
[PlyCount "60"]
[EventDate "2004.??.??"]

1. e4 c5 2. Nf3 e6 3. d4 cxd4 4. Nxd4 Nf6 5. Nc3 d6 6. g4 e5 7. Bb5+ Bd7 8.
Bxd7+ Qxd7 9. Nf5 h5 10. f3 hxg4 11. fxg4 Rh3 12. O-O Qc6 13. Ng3 Qd7 14. Rxf6
Rxg3+ 15. hxg3 gxf6 16. Nd5 Be7 17. g5 Qh3 18. Qf3 Bd8 19. Be3 fxg5 20. Rf1 f6
21. Bxg5 Nd7 22. Rf2 Bb6 23. Nxb6 axb6 24. Rh2 Qe6 25. Rh8+ Nf8 26. Bxf6 Qf7
27. Qf5 Qxa2 28. Bg7 Qb1+ 29. Kg2 Qxc2+ 30. Kh3 Ke7 1-0

[Event "21. Intern. Travemünder Schach-Open"]
[Site "?"]
[Date "2004.12.28"]
[Round "4"]
[White "Degtiarev, Jewgeni"]
[Black "Kupreychik (GM), Victor"]
[Result "0-1"]
[WhiteElo "2272"]
[BlackElo "2454"]
[PlyCount "108"]
[EventDate "2004.??.??"]

1. d4 Nf6 2. c4 e6 3. Nc3 Bb4 4. e3 O-O 5. Bd3 c5 6. Nge2 d5 7. a3 dxc4 8. Bxc4
cxd4 9. exd4 Bd6 10. Ba2 b6 11. h3 Bb7 12. O-O Nc6 13. Be3 Ne7 14. Rc1 Qd7 15.
Qd2 Rac8 16. Rfe1 Ned5 17. Nxd5 Nxd5 18. Nc3 Nxc3 19. Rxc3 Rxc3 20. Qxc3 Rc8
21. Qd2 Qc6 22. f3 Qb5 23. Rc1 h5 24. Rxc8+ Bxc8 25. Bb1 Ba6 26. Qc1 g6 27. Be4
Qe2 28. Bf4 Bxf4 29. Qxf4 Qd1+ 30. Kh2 Qxd4 31. b4 Bf1 32. Qc1 Bc4 33. Qg5 Kg7
34. Qc1 b5 35. Qg5 Qb2 36. Qe3 Qe5+ 37. f4 Qd6 38. Bf3 h4 39. Qxa7 Qxf4+ 40.
Kg1 e5 41. Bc6 Kh6 42. a4 bxa4 43. b5 Qf1+ 44. Kh2 Bxb5 45. Bxb5 Qxb5 46. Qxf7
Qb4 47. Qe8 Qf4+ 48. Kh1 Qd4 49. Qf8+ Kh5 50. Qe7 e4 51. g4+ hxg3 52. Qh7+ Kg5
53. h4+ Kf5 54. Qf7+ Qf6 0-1

[Event "21. Intern. Travemünder Schach-Open"]
[Site "?"]
[Date "2004.12.28"]
[Round "4"]
[White "Muse (GM), Mladen"]
[Black "Schroeter, Baldur"]
[Result "1-0"]
[WhiteElo "2448"]
[BlackElo "1893"]
[PlyCount "49"]
[EventDate "2004.??.??"]

1. d4 f5 2. g3 Nf6 3. Bg2 e6 4. c4 Be7 5. Nf3 d5 6. O-O O-O 7. b3 Nbd7 8. Ng5
Nb8 9. Nh3 Ne4 10. f3 Ng5 11. Nf4 dxc4 12. bxc4 Bf6 13. e3 Nc6 14. Nh5 e5 15.
Nxf6+ Qxf6 16. f4 exf4 17. gxf4 Ne4 18. Nd2 Nxd4 19. Nxe4 Nf3+ 20. Qxf3 fxe4
21. Qxe4 Qxa1 22. Qd5+ Rf7 23. Qd8+ Rf8 24. Qxf8+ Kxf8 25. Ba3+ 1-0

[Event "21. Intern. Travemünder Schach-Open"]
[Site "?"]
[Date "2004.12.28"]
[Round "4"]
[White "Hesse, Jürgen"]
[Black "Kopylov, Michael"]
[Result "0-1"]
[WhiteElo "2136"]
[BlackElo "2434"]
[PlyCount "120"]
[EventDate "2004.??.??"]

1. e4 Nf6 2. Nc3 d5 3. e5 Ne4 4. Nce2 d4 5. c3 Nc6 6. Qa4 Nc5 7. Qb5 Ne6 8.
Nxd4 Nexd4 9. cxd4 a6 10. Qa4 Qxd4 11. Qxd4 Nxd4 12. Bd3 Bg4 13. f3 Bh5 14. Ne2
O-O-O 15. Nxd4 Rxd4 16. Be4 Bg6 17. Bxg6 hxg6 18. b3 e6 19. Bb2 Rd5 20. d4 Bb4+
21. Ke2 Ba5 22. h4 Bb6 23. Rad1 Kd7 24. g4 Ra5 25. a4 Rd5 26. f4 Ke7 27. Ba3+
Ke8 28. Bb2 f6 29. b4 Kf7 30. Rd2 c6 31. Bc3 Bd8 32. h5 gxh5 33. Rxh5 Rxh5 34.
gxh5 Kg8 35. Kd3 f5 36. Rg2 Kf7 37. a5 Be7 38. Kc4 Rd8 39. Be1 Rh8 40. Rh2 Kg8
41. Bg3 Rh6 42. Kc3 g6 43. hxg6 Rxh2 44. Bxh2 Kg7 45. Kc4 Kxg6 46. Bg1 Kh5 47.
Be3 Kg4 48. Bd2 Kf3 49. Bc1 Ke2 50. Kc3 Bf8 51. Kc4 Kd1 52. Be3 Kc2 53. Bf2 Be7
54. Be3 Kd1 55. Kc3 Ke1 56. Kc4 Bf8 57. Kc3 Ke2 58. Bc1 Be7 59. Kc4 Kd1 60. Be3
Kc2 0-1

[Event "21. Intern. Travemünder Schach-Open"]
[Site "?"]
[Date "2004.12.28"]
[Round "4"]
[White "Voigt (FM), Martin"]
[Black "Poulsen, Iver"]
[Result "1/2-1/2"]
[WhiteElo "2301"]
[BlackElo "2144"]
[PlyCount "94"]
[EventDate "2004.??.??"]

1. e4 c5 2. Nf3 Nc6 3. d4 cxd4 4. Nxd4 Nf6 5. Nc3 e6 6. Ndb5 d6 7. Bf4 e5 8.
Bg5 a6 9. Na3 b5 10. Nd5 Be7 11. Bxf6 Bxf6 12. c3 O-O 13. Nc2 Bg5 14. h4 Bh6
15. g4 g6 16. g5 Bg7 17. Bh3 Be6 18. Nce3 h6 19. Qf3 hxg5 20. hxg5 Bxd5 21.
Nxd5 Qxg5 22. Ke2 Bh6 23. Rad1 Ne7 24. Rhg1 Nxd5 25. Rxg5 Nf4+ 26. Ke1 Bxg5 27.
Rxd6 Rfd8 28. Rxd8+ Rxd8 29. Bf1 Ne6 30. Bh3 Nf4 31. Qg4 Nd3+ 32. Kf1 Nf4 33.
Kg1 Kg7 34. Bf1 Be7 35. b4 Rd2 36. a3 Ra2 37. c4 bxc4 38. Bxc4 Rxa3 39. Qd7
Bxb4 40. Qxf7+ Kh6 41. Qf6 Ra1+ 42. Kh2 Bc3 43. Bxa6 Ra2 44. Qh8+ Kg5 45. Qd8+
Kh6 46. Qh8+ Kg5 47. Qd8+ Kh6 1/2-1/2

[Event "21. Intern. Travemünder Schach-Open"]
[Site "?"]
[Date "2004.12.28"]
[Round "4"]
[White "Tonndorf, Matthias"]
[Black "Salov (FM), Sergej"]
[Result "1-0"]
[WhiteElo "2137"]
[BlackElo "2285"]
[PlyCount "125"]
[EventDate "2004.??.??"]

1. e4 c5 2. Nf3 e6 3. d4 cxd4 4. Nxd4 a6 5. Bd3 Bc5 6. Nb3 Be7 7. O-O d6 8. c4
Nd7 9. Nc3 Ngf6 10. f4 Qc7 11. Qe2 b6 12. Bd2 Bb7 13. Rae1 O-O 14. Rf3 g6 15.
Rh3 h5 16. Nd1 Ng4 17. Bc3 Bf6 18. Bxf6 Ndxf6 19. Rg3 d5 20. cxd5 exd5 21. e5
Ne4 22. Bxe4 dxe4 23. h3 Nh6 24. Qxh5 Kh7 25. Qh4 Qd8 26. Rg5 f6 27. Ne3 Kg7
28. exf6+ Rxf6 29. Rd1 Qc7 30. f5 Raf8 31. Qh5 Qf7 32. Nd4 Bc8 33. Rxg6+ Rxg6
34. Qxg6+ Qxg6 35. fxg6 Kxg6 36. Rc1 Bd7 37. Rc7 Rd8 38. Rb7 Bxh3 39. Rxb6+ Kh5
40. Ne2 Bg4 41. Nf4+ Kg5 42. g3 Bf5 43. Nxf5 Rd1+ 44. Kf2 Ng4+ 45. Ke2 Rh1 46.
Ng7 Rh2+ 47. Kf1 Ne5 48. Re6 Kg4 49. Rxe5 Kf3 50. Kg1 Rxb2 51. Nf5 Rxa2 52. Rc5
Ra3 53. Kh2 e3 54. Nd4+ Kg4 55. Nfe2 a5 56. Rc3 Ra2 57. Rxe3 a4 58. Re4+ Kg5
59. Kh3 a3 60. Re5+ Kg6 61. Ra5 Ra1 62. Nc3 Kh6 63. Ndb5 1-0

[Event "21. Intern. Travemünder Schach-Open"]
[Site "?"]
[Date "2004.12.28"]
[Round "4"]
[White "Schuster, Martin"]
[Black "Hobuss, Udo"]
[Result "0-1"]
[WhiteElo "2177"]
[BlackElo "2413"]
[PlyCount "78"]
[EventDate "2004.??.??"]

1. e4 c5 2. c3 d5 3. exd5 Qxd5 4. d4 Nf6 5. Nf3 Bg4 6. dxc5 Qxd1+ 7. Kxd1 e5 8.
b4 e4 9. h3 Bh5 10. g4 Nxg4 11. hxg4 Bxg4 12. Nbd2 exf3 13. Bd3 Nc6 14. Kc2
O-O-O 15. Nc4 f6 16. Bf4 g5 17. Bd6 h5 18. a4 Ne7 19. Ne3 Bd7 20. a5 Nc6 21.
Nc4 Ne5 22. Nxe5 fxe5 23. Bxe5 Rh6 24. a6 h4 25. axb7+ Kxb7 26. Be4+ Bc6 27.
Bxc6+ Rxc6 28. Rh3 Re6 29. Bd4 Re2+ 30. Kb3 Rxd4 31. cxd4 Rxf2 32. d5 Be7 33.
d6 Bf6 34. Rc1 g4 35. c6+ Kc8 36. c7 Rd2 37. Rhh1 f2 38. Rc6 Be5 39. Rxh4 f1=Q
0-1

[Event "21. Intern. Travemünder Schach-Open"]
[Site "?"]
[Date "2004.12.28"]
[Round "4"]
[White "Wiebe, Patrick"]
[Black "Chin, Karin"]
[Result "1-0"]
[WhiteElo "2210"]
[BlackElo "1938"]
[PlyCount "107"]
[EventDate "2004.??.??"]

1. Nf3 Nf6 2. c4 g6 3. g3 Bg7 4. Bg2 d6 5. Nc3 O-O 6. O-O Nc6 7. Rb1 a5 8. a3
e5 9. b4 axb4 10. axb4 Be6 11. b5 Ne7 12. d3 h6 13. Bb2 Qd7 14. Ra1 Rac8 15. c5
Bh3 16. Ra7 Bxg2 17. Kxg2 Rb8 18. Qb3 Rfe8 19. Ra4 Nh7 20. cxd6 cxd6 21. Ba3
Ra8 22. Rc1 Nf8 23. Rxa8 Rxa8 24. Qb4 Rd8 25. Ne4 Nc8 26. Nc3 d5 27. e4 dxe4
28. dxe4 Ne6 29. Nd5 Kh8 30. Bb2 f6 31. Rd1 Qe8 32. b6 Qd7 33. Rd2 Qf7 34. Qb3
Rf8 35. Qe3 Kh7 36. Rc2 Rd8 37. Ba3 h5 38. h4 Bh6 39. Qb3 Bg7 40. Kh2 Nd6 41.
Nc7 Nxc7 42. Qxf7 Nxf7 43. Rxc7 Nd6 44. Bxd6 Rxd6 45. Rxb7 Rd3 46. Kg2 Rb3 47.
Nd2 Rb4 48. Kf3 f5 49. Ke3 Kg8 50. Kd3 Bf8 51. Nc4 Bc5 52. Kc3 Rb5 53. Rb8+ Kg7
54. exf5 1-0

[Event "21. Intern. Travemünder Schach-Open"]
[Site "?"]
[Date "2004.12.28"]
[Round "4"]
[White "Idriz, Blaka"]
[Black "Kolthoff, Siegmund"]
[Result "1/2-1/2"]
[WhiteElo "1899"]
[BlackElo "2186"]
[PlyCount "105"]
[EventDate "2004.??.??"]

1. e4 c5 2. Nf3 d6 3. d4 cxd4 4. Nxd4 Nf6 5. Nc3 a6 6. f3 e5 7. Nb3 Be6 8. Be3
Be7 9. Nd5 Bxd5 10. exd5 O-O 11. c4 a5 12. Bd3 Na6 13. Rc1 b6 14. Bb1 Rc8 15.
O-O Nd7 16. f4 Bf6 17. Rf3 exf4 18. Bxf4 g6 19. Bxd6 Bxb2 20. Rc2 Bg7 21. Bxf8
Qxf8 22. Re3 a4 23. Nd4 Qc5 24. Rd2 Bh6 25. Qe2 Bxe3+ 26. Qxe3 Nf6 27. Rd1 Nb8
28. Qf3 Nbd7 29. Kh1 Qxc4 30. Ne2 Re8 31. Ng1 Qc5 32. h3 Qa5 33. a3 Qc5 34. d6
Qe3 35. Qc6 Qxa3 36. Kh2 Qb4 37. Ba2 Re5 38. Rf1 Kg7 39. Bxf7 Qb5 40. Qxb5 Rxb5
41. Be6 Re5 42. Bxd7 Nxd7 43. Rd1 a3 44. Nf3 Ra5 45. Nd4 Kf6 46. Rf1+ Kg7 47.
Re1 Re5 48. Ra1 Ra5 49. Nc2 b5 50. Re1 Kf6 51. Re7 Nc5 52. g4 h6 53. Nb4
1/2-1/2

[Event "21. Intern. Travemünder Schach-Open"]
[Site "?"]
[Date "2004.12.28"]
[Round "4"]
[White "Rosin, Thomas"]
[Black "Cremer, Jochen"]
[Result "1/2-1/2"]
[WhiteElo "1842"]
[BlackElo "2183"]
[PlyCount "48"]
[EventDate "2004.??.??"]

1. Nf3 Nf6 2. b3 g6 3. Bb2 Bg7 4. e3 O-O 5. Be2 c5 6. c4 b6 7. O-O Bb7 8. d4
cxd4 9. Nxd4 Qc8 10. Nd2 Rd8 11. Rc1 Na6 12. a3 Qc7 13. b4 Rac8 14. Nb5 Qb8 15.
Bf3 Ng4 16. Bxg4 Bxb2 17. Rc2 Bg7 18. Bf3 d6 19. Qe2 Nc7 20. Nxc7 Rxc7 21. Bxb7
Qxb7 22. Rfc1 Rdc8 23. Qd3 Qc6 24. Nb3 Qd7 1/2-1/2

[Event "21. Intern. Travemünder Schach-Open"]
[Site "?"]
[Date "2004.12.28"]
[Round "4"]
[White "Lindner, Ulrich"]
[Black "Rudolf, Henrik"]
[Result "0-1"]
[WhiteElo "2067"]
[BlackElo "2322"]
[PlyCount "85"]
[EventDate "2004.??.??"]

1. e4 c5 2. Nf3 e6 3. d4 cxd4 4. c3 Nf6 5. e5 Nd5 6. Bc4 Nc6 7. Bxd5 exd5 8.
O-O Be7 9. cxd4 d6 10. Nc3 dxe5 11. dxe5 d4 12. Nb5 d3 13. Bf4 O-O 14. a3 Bg4
15. Nd6 Nxe5 16. Nxb7 Bxf3 17. Nxd8 Bxd1 18. Rfxd1 Bf6 19. Bxe5 Bxe5 20. Nc6
Bxb2 21. Ra2 Bf6 22. Rad2 Rfc8 23. Nb4 Rc3 24. Rxd3 Rxd3 25. Rxd3 Rc8 26. Kf1
Kf8 27. Rd7 a5 28. Nd5 Bd8 29. Ke2 Ke8 30. Rb7 Rc2+ 31. Ke3 Ra2 32. Rb3 Kd7 33.
Rd3 Kc6 34. h3 Bg5+ 35. f4 Bh4 36. g4 Bf2+ 37. Ke4 Bc5 38. Rc3 Rxa3 39. Ne7+
Kb5 40. Rxa3 Bxa3 41. Nf5 Kc4 42. h4 a4 43. h5 0-1

[Event "21. Intern. Travemünder Schach-Open"]
[Site "?"]
[Date "2004.12.28"]
[Round "4"]
[White "Nielsen, Jens"]
[Black "Knuth, Hannes"]
[Result "0-1"]
[WhiteElo "2056"]
[BlackElo "2299"]
[PlyCount "40"]
[EventDate "2004.??.??"]

1. d4 Nf6 2. c4 e6 3. Nc3 Bb4 4. a3 Bxc3+ 5. bxc3 d6 6. Bf4 Qe7 7. Nf3 Nbd7 8.
e3 e5 9. Bg3 Ne4 10. Nd2 Nxc3 11. Qg4 O-O 12. dxe5 dxe5 13. Bh4 Qc5 14. Ne4 Qa5
15. Nd2 Nc5 16. Qh5 N3e4 17. Qd1 g5 18. Bg3 Nb3 19. Ra2 Nbxd2 20. Rxd2 Rd8 0-1

[Event "21. Intern. Travemünder Schach-Open"]
[Site "?"]
[Date "2004.12.28"]
[Round "4"]
[White "Wichmann, Daniel"]
[Black "Wahenberg, Ralf"]
[Result "1-0"]
[WhiteElo "2255"]
[BlackElo "2052"]
[PlyCount "69"]
[EventDate "2004.??.??"]

1. e4 e5 2. Nc3 Nf6 3. Bc4 Bc5 4. d3 h6 5. f4 d6 6. Nf3 Nc6 7. Na4 Bb6 8. a3
Bg4 9. Nxb6 axb6 10. h3 Bxf3 11. Qxf3 Qe7 12. O-O O-O-O 13. b4 Nd7 14. f5 Qe8
15. c3 Nf6 16. Bb5 d5 17. Be3 dxe4 18. dxe4 Nd4 19. Bxd4 Qxb5 20. a4 Qe8 21.
Bf2 Qc6 22. Bh4 Qc4 23. Bxf6 gxf6 24. Rfd1 Qb3 25. a5 b5 26. Kh2 Rhg8 27. Rxd8+
Rxd8 28. Qe3 Kb8 29. a6 b6 30. Qxh6 Qxc3 31. Qxf6 Rc8 32. Rd1 Ka7 33. Rd8 Rxd8
34. Qxd8 Kxa6 35. Qa8# 1-0

[Event "21. Intern. Travemünder Schach-Open"]
[Site "?"]
[Date "2004.12.28"]
[Round "4"]
[White "Thomasson, Staffan"]
[Black "Dunsbach, Ralf"]
[Result "0-1"]
[WhiteElo "2052"]
[BlackElo "2239"]
[PlyCount "102"]
[EventDate "2004.??.??"]

1. a3 Nf6 2. c4 g6 3. Nc3 d5 4. cxd5 Nxd5 5. g3 Bg7 6. Bg2 Nb6 7. Nf3 Nc6 8.
O-O O-O 9. d3 e5 10. Bd2 Nd4 11. Rc1 h6 12. Ne4 Nd5 13. e3 Nxf3+ 14. Bxf3 c6
15. b4 a5 16. Nc5 axb4 17. axb4 Nc7 18. Qb3 Nb5 19. Be4 Kh7 20. Ra1 Rxa1 21.
Rxa1 Qe7 22. Rd1 Bg4 23. Re1 Ra8 24. Na4 Be6 25. Qd1 Nd6 26. Bg2 Bf5 27. Nc5
Ra2 28. Bc3 Nb5 29. Ba1 b6 30. Bxc6 bxc5 31. Bxb5 cxb4 32. Bc4 Ra7 33. Bb2 h5
34. Qb3 Bg4 35. Bd5 Rd7 36. Rb1 Qd6 37. e4 Bh3 38. Bc1 Qf6 39. f4 exf4 40. Bxf4
Qd4+ 41. Kh1 Ra7 42. Qc2 Ra3 43. Bc4 Ra1 44. Rxa1 Qxa1+ 45. Qc1 Be6 46. Kg2
Qxc1 47. Bxc1 b3 48. Bxb3 Bxb3 49. Kf3 Bd4 50. Bg5 Kg7 51. Bd2 Bd1+ 0-1

[Event "21. Intern. Travemünder Schach-Open"]
[Site "?"]
[Date "2004.12.28"]
[Round "4"]
[White "Kuhn, Gerd"]
[Black "Jung, Gerald"]
[Result "1-0"]
[WhiteElo "2232"]
[BlackElo "2039"]
[PlyCount "73"]
[EventDate "2004.??.??"]

1. d4 Nf6 2. Bg5 Ne4 3. Bf4 d5 4. Nd2 Bf5 5. f3 Nxd2 6. Qxd2 Nd7 7. g4 Bg6 8.
h4 h5 9. g5 c5 10. e3 Qb6 11. c3 cxd4 12. exd4 e6 13. Ne2 Rc8 14. Bh3 Bd6 15.
Rh2 O-O 16. Bxd6 Qxd6 17. Nf4 e5 18. Bxd7 Qxd7 19. dxe5 Qf5 20. Nxg6 fxg6 21.
Qxd5+ Kh7 22. O-O-O Qf4+ 23. Rhd2 Rcd8 24. Qe4 Rxd2 25. Rxd2 Qxe4 26. fxe4 Rf4
27. Rd4 Kg8 28. e6 Kf8 29. e5 Rf5 30. Rd7 Rxe5 31. Rxb7 Rxe6 32. Kd2 a5 33. Rd7
Re4 34. Rd4 Re5 35. Kd3 Rc5 36. Re4 Rc6 37. b4 1-0

[Event "21. Intern. Travemünder Schach-Open"]
[Site "?"]
[Date "2004.12.28"]
[Round "4"]
[White "Marcziter, Dmitrii"]
[Black "Strache, Michael"]
[Result "1-0"]
[WhiteElo "2220"]
[BlackElo "2037"]
[PlyCount "63"]
[EventDate "2004.??.??"]

1. d4 f5 2. g3 Nf6 3. Bg2 g6 4. c4 Bg7 5. Nf3 O-O 6. O-O d6 7. Nc3 Qe8 8. b3
Na6 9. Ba3 h6 10. Qd3 g5 11. e4 Qg6 12. Rfe1 fxe4 13. Nxe4 Bf5 14. Nxf6+ Bxf6
15. Qd2 c5 16. Re3 Bg4 17. Rae1 Bxf3 18. Rxf3 cxd4 19. Rxf6 Qxf6 20. Bd5+ Kh8
21. Re6 Qg7 22. Bb2 Nc5 23. Bxd4 Rf6 24. Bxf6 exf6 25. Rxd6 Qe7 26. Bg2 Re8 27.
Bf3 Kg7 28. Qd4 Ne6 29. Qd5 Nc7 30. Qd3 Qe1+ 31. Kg2 Re7 32. Bh5 1-0

[Event "21. Intern. Travemünder Schach-Open"]
[Site "?"]
[Date "2004.12.28"]
[Round "4"]
[White "Just, Gabriele"]
[Black "Marxen, Peter"]
[Result "1-0"]
[WhiteElo "2032"]
[BlackElo "2212"]
[PlyCount "53"]
[EventDate "2004.??.??"]

1. f4 c5 2. Nf3 Nf6 3. e3 g6 4. Be2 Bg7 5. d3 d6 6. O-O O-O 7. e4 Nc6 8. a4 a6
9. Nbd2 Bd7 10. Nc4 Na5 11. Nxa5 Qxa5 12. Bd2 Qb6 13. Bc3 Bc6 14. a5 Qc7 15.
Qe1 Ne8 16. Qh4 e6 17. f5 Qd8 18. Qh3 exf5 19. exf5 Nc7 20. Nh4 Nd5 21. fxg6
hxg6 22. Bxg7 Kxg7 23. Qg3 Ne7 24. Rae1 Kh8 25. Bg4 Ng8 26. Be6 Be8 27. Nxg6+
1-0

[Event "21. Intern. Travemünder Schach-Open"]
[Site "?"]
[Date "2004.12.28"]
[Round "4"]
[White "Bruhn, Boris"]
[Black "Engels, Gerd"]
[Result "1-0"]
[WhiteElo "2200"]
[BlackElo "2031"]
[PlyCount "73"]
[EventDate "2004.??.??"]

1. e4 c5 2. b3 Nc6 3. Bb2 d6 4. f4 e6 5. Nf3 Nf6 6. Nc3 Be7 7. Be2 O-O 8. O-O
a6 9. Qe1 b5 10. e5 dxe5 11. fxe5 Nd5 12. Bd3 Bb7 13. Qe4 g6 14. Qg4 Qb6 15.
Kh1 Ncb4 16. Ne4 Nxd3 17. cxd3 f5 18. exf6 Nxf6 19. Nxf6+ Bxf6 20. Bxf6 Rxf6
21. Ne5 Raf8 22. Rxf6 Rxf6 23. Nd7 Qd8 24. Nxf6+ Qxf6 25. Re1 Bd5 26. Qg3 Qb2
27. Qb8+ Kg7 28. Rf1 Kh6 29. Qf4+ Kh5 30. h4 h6 31. Kh2 Qd4 32. Qxd4 cxd4 33.
Kh3 g5 34. g4+ Kg6 35. Rf8 gxh4 36. Kxh4 a5 37. Rb8 1-0

[Event "21. Intern. Travemünder Schach-Open"]
[Site "?"]
[Date "2004.12.28"]
[Round "4"]
[White "Heroiu, Alexandru"]
[Black "Lehmann, Holger"]
[Result "0-1"]
[WhiteElo "2029"]
[BlackElo "2193"]
[PlyCount "98"]
[EventDate "2004.??.??"]

1. Nf3 f5 2. g3 Nf6 3. c4 g6 4. Nc3 Bg7 5. Bg2 d6 6. O-O O-O 7. d3 e5 8. Rb1 h6
9. h4 a5 10. Bd2 Nc6 11. a3 f4 12. Ne4 Nxe4 13. dxe4 a4 14. Qc1 Bg4 15. c5 Kh7
16. cxd6 cxd6 17. Qc4 Qe7 18. Rbd1 Be6 19. Qd3 Bb3 20. Rde1 g5 21. hxg5 hxg5
22. Bh3 Bf6 23. Kg2 Kg7 24. Rh1 Rh8 25. Bf5 Be6 26. Bxe6 Qxe6 27. Bc3 g4 28.
Nd2 Raf8 29. Rxh8 Rxh8 30. Rh1 Rxh1 31. Kxh1 Kh6 32. Kg2 Be7 33. Qd5 Qg6 34.
gxf4 exf4 35. Nc4 Nd8 36. Kf1 Qh5 37. Qxh5+ Kxh5 38. Nb6 Ne6 39. Nxa4 Kh4 40.
Nb6 Kh3 41. Kg1 Bh4 42. Be1 Bf6 43. Nc4 Be5 44. Nxe5 dxe5 45. Bc3 g3 46. Bxe5
g2 47. b4 f3 48. e3 Ng5 49. a4 Kg4 0-1

[Event "21. Intern. Travemünder Schach-Open"]
[Site "?"]
[Date "2004.12.28"]
[Round "4"]
[White "Jochens, Arne"]
[Black "Langmann, Claus"]
[Result "1-0"]
[WhiteElo "2187"]
[BlackElo "1995"]
[PlyCount "57"]
[EventDate "2004.??.??"]

1. c4 Nf6 2. g3 c5 3. Bg2 Nc6 4. Nc3 g6 5. a3 Bg7 6. Rb1 d6 7. b4 O-O 8. Nf3 e5
9. O-O Rb8 10. d3 h6 11. Ne1 Be6 12. Nc2 Qd7 13. Ne3 Bh3 14. bxc5 Bxg2 15. Kxg2
dxc5 16. Ned5 h5 17. Nxf6+ Bxf6 18. Nd5 Bg7 19. e4 b6 20. Be3 Rbd8 21. Qa4 h4
22. Qxc6 h3+ 23. Kg1 Qxc6 24. Ne7+ Kh7 25. Nxc6 Rd7 26. f4 Rxd3 27. Bf2 exf4
28. Nxa7 fxg3 29. Bxg3 1-0

[Event "21. Intern. Travemünder Schach-Open"]
[Site "?"]
[Date "2004.12.28"]
[Round "4"]
[White "Schmezko, Stefan"]
[Black "Krebs, Peter"]
[Result "1-0"]
[WhiteElo "2185"]
[BlackElo "1985"]
[PlyCount "57"]
[EventDate "2004.??.??"]

1. d4 d5 2. c4 Nc6 3. Nc3 Nf6 4. cxd5 Nxd5 5. e4 Nxc3 6. bxc3 g6 7. Nf3 Bg7 8.
Be2 Nb8 9. O-O O-O 10. Rb1 b6 11. Re1 Bb7 12. Bc4 Nd7 13. e5 e6 14. Bg5 Bxf3
15. Qd2 Qc8 16. gxf3 c5 17. Rbc1 Qb7 18. Re4 Rfe8 19. Qe2 a6 20. a4 Qc6 21.
Bxa6 Qxa4 22. Bb5 Qa7 23. Bc6 Rac8 24. Qb5 Rc7 25. Ree1 Ra8 26. Bxa8 Qxa8 27.
Qd3 Ra7 28. Qe4 Qc8 29. Ra1 1-0

[Event "21. Intern. Travemünder Schach-Open"]
[Site "?"]
[Date "2004.12.28"]
[Round "4"]
[White "Kliewe, Hans-Jürgen"]
[Black "Müller, Jan-Hendrik"]
[Result "0-1"]
[WhiteElo "2178"]
[BlackElo "1899"]
[PlyCount "64"]
[EventDate "2004.??.??"]

1. d4 c5 2. c3 cxd4 3. cxd4 d5 4. Nc3 Nf6 5. Nf3 e6 6. Bf4 Bd6 7. Bg3 O-O 8. e3
b6 9. Ne5 Ba6 10. Bxa6 Nxa6 11. O-O Bxe5 12. Bxe5 Ne4 13. Nxe4 dxe4 14. Rc1 f6
15. Bg3 Nb4 16. Qb3 Nd5 17. Rc6 Qd7 18. Rd6 Qe7 19. Rc1 Rac8 20. Rxc8 Rxc8 21.
h3 Rc1+ 22. Kh2 h5 23. h4 f5 24. Qa3 f4 25. exf4 Nf6 26. f3 exf3 27. Bf2 Ng4+
28. Kg3 fxg2 29. f5 g1=Q+ 30. Bxg1 Rxg1+ 31. Kh3 Nf2+ 32. Kh2 Rg4 0-1

[Event "21. Intern. Travemünder Schach-Open"]
[Site "?"]
[Date "2004.12.28"]
[Round "4"]
[White "König, Frank"]
[Black "Nilsson, Anders"]
[Result "0-1"]
[WhiteElo "2018"]
[BlackElo "2176"]
[PlyCount "78"]
[EventDate "2004.??.??"]

1. Nf3 Nf6 2. g3 c5 3. Bg2 Nc6 4. d4 cxd4 5. Nxd4 g6 6. O-O Bg7 7. c3 O-O 8.
Nd2 e5 9. Nc2 d5 10. e4 d4 11. cxd4 Nxd4 12. Ne3 Be6 13. b3 b5 14. Bb2 Qb6 15.
Kh1 Rfd8 16. Rc1 Bh6 17. Qe1 Qa5 18. Bc3 b4 19. Ndc4 Qxa2 20. Bxb4 Nd7 21. f4
Qxb3 22. Rb1 Qa4 23. f5 Bxc4 24. Nxc4 a5 25. Nxa5 Nc2 26. Qf2 Nxb4 27. Rxb4
Qxb4 28. fxg6 Rf8 29. gxh7+ Kh8 30. Qf5 Qxa5 31. Qxd7 Qd2 32. Qh3 Bg7 33. Bf3
Rfc8 34. Bh5 Rc1 35. Bg4 Rxf1+ 36. Qxf1 Qh6 37. Bf5 Rd8 38. Qe1 Qh5 39. Qc1
Rd1+ 0-1

[Event "21. Intern. Travemünder Schach-Open"]
[Site "?"]
[Date "2004.12.28"]
[Round "4"]
[White "Kaeding, Rainer"]
[Black "Freystein, Martin"]
[Result "1/2-1/2"]
[WhiteElo "2175"]
[BlackElo "2028"]
[PlyCount "53"]
[EventDate "2004.??.??"]

1. e4 c5 2. Nf3 d6 3. Bb5+ Bd7 4. Bxd7+ Qxd7 5. c4 Nc6 6. d4 cxd4 7. Nxd4 g6 8.
Nc3 Bg7 9. Be3 Nf6 10. f3 O-O 11. Rc1 Rfc8 12. b3 Qd8 13. Qd2 Qa5 14. O-O a6
15. Rfd1 b5 16. Nxc6 Rxc6 17. Nd5 Qxd2 18. Bxd2 Nxd5 19. cxd5 Rcc8 20. Kf1 Kf8
21. Ke2 Ke8 22. Kd3 Kd7 23. g4 Bb2 24. Rb1 Bf6 25. Rdc1 Rxc1 26. Rxc1 Rc8 27.
Rxc8 1/2-1/2